000 00863nas a2200253 4500
001 BR7906708
003 BR-BrBNA
005 20231205084000.0
007 ta
008 230509b bl.|||p| |||| 00| 00por d
040 _aBR-BrBNA
_bpor
_cBiblioteca Nacional de Agricultura
041 _a(Pt)
072 _aL73
100 1 _aWilliams, H.A.
100 1 _aFallavena, L.C.B.
245 1 _aEstudos sobre rinite atrofica dos suinos no Rio Grande do Sul: ocorrencia, classificacao das lesoes e isolamento de Bordetella bronchiseptica [Brasil]
650 _aSUÍNO
650 _aRINITE ATROFICA
650 _aLESAO
650 _aRIO GRANDE DO SUL
773 0 _tBoletim do Instituto de Pesquisas Veterinarias Desiderio Finamor (Brazil)
_xISSN 0100-2740
_g(Dec 1979), v. 6 p. 7-18
_wBR7906708
909 _a202311
_bLúcia
_c55
_dLúcia Elande
942 _2AGRIS
_n0
_cANA
999 _c102399
_d102399